Carlota Fainberg (Registro nro. 38443)
[ vista simple ]
| 000 -CABECERA | |
|---|---|
| Longitud fija campo de control | 01066nam a2200325Ia 4500 |
| 003 - • IDENTIFICADOR DELl NÚMERO DE CONTROL | |
| Identificador del número de control | CO-BoRNBP |
| 005 - • FECHA Y HORA DE LA ÚLTIMA TRANSACCIÓN | |
| Fecha y hora de la última transacción | 20241015080530.0 |
| 007 - • CAMPO FIJO DE DESCRIPCIÓN FÍSICA | |
| Campo fijo de descripción física | ta |
| 008 - • CÓDIGOS DE INFORMACIÓN DE LONGITUD FIJA | |
| Códigos de información de longitud fija | 130821s2001 sp gr spa |
| 020 ## - • NÚMERO INTERNACIONAL NORMALIZADO PARA LIBROS | |
| Número Internacional Normalizado para Libros (ISBN) | 8466301011 |
| 040 ## - FUENTE DE LA CATALOGACIÓN | |
| Centro catalogador de origen | Co-BoUCM |
| Lengua de catalogación | spa |
| Centro transcriptor | Co-BoUCM |
| 041 00 - • CÓDIGO DE LENGUA | |
| Código de lengua del texto/banda sonora o título independiente | spa |
| 082 04 - • NÚMERO DE LA CLASIFICACIÓN DECIMAL DEWEY | |
| Número de clasificación (R) | 863.64 |
| 084 ## - • Clasificación Local Alfanúmerica PNLB | |
| Número de clasificación | N MUÑ |
| 100 1# - • PUNTO DE ACCESO PRINCIPAL-NOMBRE DE PERSONA | |
| Nombre de persona | Muñoz Molina, Antonio |
| Fechas asociadas al nombre | 1956- |
| 245 10 - • TITULO PROPIAMENTE DICHO | |
| Título | Carlota Fainberg |
| Resto del título | La tenue frontera donde pueden coexistir el amor y la muerte/ |
| Mención de responsabilidad, etc. | Antonio Muñoz Molina |
| 250 ## - • MENCIÓN DE EDICIÓN | |
| Mención de edición | Cuarta edición |
| 264 #4 - PRODUCCIÓN, PUBLICACIÓN , DISTRIBUCIÓN, FABRICACIÓN Y COPYRIGHT | |
| Lugar de producción, publicación, distribución, fabricación | Madrid, España |
| Nombre del productor, editor, distribuidor, fabricante | Suma de Letras S.L. |
| Fecha de de producción, publicación, distribución, fabricación o copyright | ©2001 |
| 300 ## - • DESCRIPCIÓN FÍSICA | |
| Extensión | 191 páginas |
| 336 ## - TIPO DE CONTENIDO | |
| Fuente | rdacontent |
| Término de tipo de contenido | texto |
| Código de tipo de contenido | txt |
| 337 ## - TIPO DE MEDIO | |
| Fuente | rdamedia |
| Nombre del tipo de medio | sin mediación |
| Código del tipo de medio | n |
| 338 ## - TIPO DE SOPORTE | |
| Fuente | rdacarrier |
| Nombre del tipo de soporte | volumen |
| Código del tipo de soporte | nc |
| 490 #0 - • MENCIÓN DE SERIE | |
| Mención de serie | Punto de Lectura |
| Designación de volumen o secuencia | 006/03 |
| 650 04 - • PUNTO DE ACCESO ADICIONAL DE MATERIA - TÉRMINO DE MATERIA | |
| Término de materia o nombre geográfico como elemento inicial | Amor en la literatura |
| Fuente del encabezamiento o término | LEMB |
| 650 04 - • PUNTO DE ACCESO ADICIONAL DE MATERIA - TÉRMINO DE MATERIA | |
| Término de materia o nombre geográfico como elemento inicial | Literatura española |
| Fuente del encabezamiento o término | LEMB |
| 650 04 - • PUNTO DE ACCESO ADICIONAL DE MATERIA - TÉRMINO DE MATERIA | |
| Término de materia o nombre geográfico como elemento inicial | Literatura europea |
| Fuente del encabezamiento o término | LEMB |
| 650 04 - • PUNTO DE ACCESO ADICIONAL DE MATERIA - TÉRMINO DE MATERIA | |
| Término de materia o nombre geográfico como elemento inicial | Muerte en la literatura |
| Fuente del encabezamiento o término | LEMB |
| 650 04 - • PUNTO DE ACCESO ADICIONAL DE MATERIA - TÉRMINO DE MATERIA | |
| Término de materia o nombre geográfico como elemento inicial | Novela española |
| Fuente del encabezamiento o término | LEMB |
| 942 ## - ENTRADA DE ELEMENTOS AGREGADOS (KOHA) | |
| Koha [por defecto] tipo de item | Libro Literatura |
| Código institución [OBSOLETE] | 18 |
| Fuente de clasificaión o esquema | Dewey Decimal Classification |
| Parte de clasificación | 863.64 |
| Perdido | Fuente de clasificación o esquema | Estado Físico | No para préstamo | Forma de adquisición | Localización permanente | Localización actual | Localización en estanterías | Fecha adquisición | Préstamos totales | Signatura completa | Código de barras | Fecha última consulta | Número de copia | Fecha del precio de reemplazo | Tipo de item de Koha |
|---|---|---|---|---|---|---|---|---|---|---|---|---|---|---|---|
| Dewey Decimal Classification | Colección General | Biblioteca Pública Guamal | Biblioteca Pública Guamal | Literatura | 10/15/2024 | N MUÑ | GUA004242 | 10/15/2024 | Ej.1 | 10/15/2024 | Libro Literatura |